| 000 | 00626nam a22002177a 4500 | ||
|---|---|---|---|
| 003 | OSt | ||
| 005 | 20140310181744.0 | ||
| 008 | 130218t xxu||||| |||| 00| 0 eng d | ||
| 020 | _a9789712349317 | ||
| 050 |
_aQA 152.2 _b.R175 2007 |
||
| 082 |
_aFIL 512.13 _b.R175 2007 |
||
| 245 |
_aTrigonometry with analytic geometry _cRamos, Ronald C., Pardo, Rossielyn R., Vilale, Jason E. |
||
| 260 |
_aC.M. Recto Ave., Manila _bRex Book Store _c2007 |
||
| 300 |
_a348 p. _c25 cm. |
||
| 521 | _acollege students | ||
| 526 | _c1210L-1700L | ||
| 541 | _j1 | ||
| 541 | _j2 | ||
| 562 | _e2 | ||
| 942 |
_2lcc _cBK-FIL _kFIL |
||
| 999 |
_c2905 _d2905 |
||